| 000 | 00651nam a2200241 4500 | ||
|---|---|---|---|
| 003 | OSt | ||
| 005 | 20260530113852.0 | ||
| 008 | 260507b2011 |||a|||| |||| 000 0 eng d | ||
| 020 | _a9783899553833 | ||
| 040 |
_aICI _bspa _cICI |
||
| 050 |
_aNX767 _bN53 2011 |
||
| 100 | 1 |
_aNicolai, Carsten _931317 |
|
| 245 | 1 | 0 |
_aCyclo.id: _bVol. 01 |
| 264 | 1 |
_bGestalten _c2011 _aAlemania |
|
| 300 | _a318 páginas | ||
| 336 |
_atexto _2rdacontent |
||
| 337 |
_asin medio _2rdamedia |
||
| 338 |
_avolumen _2rdacarrier |
||
| 650 |
_aComunicación visual _931318 |
||
| 650 |
_aDiseño gráfico _918020 |
||
| 700 |
_aIkeda, Ryoji _eAutor _931319 |
||
| 942 |
_2lcc _cBK _n1 |
||
| 999 |
_c11484 _d11484 |
||